000 nam a22 4500
999 _c9280
_d9280
008 180427b ||||| |||| 00| 0 eng d
245 _aNutritionists: Vegetarian diets good for kids, adults.
260 _aPhilippines
_bThe Philippine Star
_cc2016
300 _apage 12.
650 0 _927641
_aNutrition.
942 _2ddc
_cPER